[Event "Titled Tuesday intern op 05th Oct"]
[Site "Chess.com INT"]
[Date "2021.10.05"]
[Round "1"]
[White "Khatoev, Eduard"]
[Black "Shalkhatsky, Vladimir"]
[Result "1/2-1/2"]
[WhiteElo "2409"]
[BlackElo "2257"]
[PlyCount "75"]
[EventDate "2021.10.05"]
[EventType "swiss (blitz)"]
[EventRounds "11"]
[EventCountry "USA"]
[SourceTitle "CBM 204 Extra"]
[Source "ChessBase"]
[SourceDate "2021.11.30"]
[SourceVersion "1"]
[SourceVersionDate "2021.11.30"]
[SourceQuality "1"]

1. d4 d5 2. Nf3 e6 3. c4 c6 4. Nc3 f5 5. Bf4 Nf6 6. e3 Be7 7. Bd3 Ne4 8. Qc2 Nd7 9. g4 Ndf6 10. gxf5 exf5 11. Ke2 Be6 12. cxd5 cxd5 13. Rhg1 0-0 14. Qb3 Kh8 15. Ne5 Rc8 16. Rac1 Qa5 17. f3 Nd6 18. Rg2 Nh5 19. Bg5 Bxg5 20. Rxg5 g6 21. Rcg1 Rf6 22. Qd1 Nf7 23. Nxf7+ Bxf7 24. Qe1 Rb6 25. Qd2 f4 26. exf4 Nxf4+ 27. Qxf4 Rxb2+ 28. Kf1 Qxc3 29. Qf6+ Kg8 30. Rxg6+ hxg6 31. Rxg6+ Bxg6 32. Qxg6+ Kf8 33. Qf6+ Kg8 34. Qe6+ Kf8 35. Qf6+ Kg8 36. Qe6+ Kf8 37. Qd6+ Kg8 38. Qe6+ 1/2-1/2

[Event "World Corporate East E"]
[Site "Chess.com INT"]
[Date "2021.02.20"]
[Round "6.2"]
[White "Cerveny, Martin"]
[Black "Khatoev, Eduard"]
[Result "0-1"]
[WhiteElo "2411"]
[BlackElo "2409"]
[PlyCount "86"]
[EventDate "2021.02.19"]
[EventType "team (rapid)"]
[EventRounds "7"]
[EventCountry "USA"]
[SourceTitle "EXT 2022"]
[Source "ChessBase"]
[SourceDate "2021.10.06"]
[SourceVersion "1"]
[SourceVersionDate "2021.10.06"]
[SourceQuality "1"]
[WhiteTeam "CSOB"]
[BlackTeam "VK.com"]
[WhiteTeamCountry "CZE"]
[BlackTeamCountry "RUS"]

1. d4 Nf6 2. c4 g6 3. Nc3 d5 4. cxd5 Nxd5 5. e4 Nxc3 6. bxc3 Bg7 7. Nf3 c5 8. Rb1 0-0 9. Be2 Nc6 10. d5 Ne5 11. Nxe5 Bxe5 12. Qd2 e6 13. f4 Bc7 14. dxe6 Bxe6 15. Rxb7 Bb6 16. Qxd8 Rfxd8 17. Rf1 Re8 18. f5 gxf5 19. Bb5 Bd5 20. Rd7 Bxe4 21. Kf2 c4+ 22. Kg3 Rac8 23. Bf4 Re6 24. Kh3 Rg6 25. g3 Rc5 26. a4 Rd5 27. Rxd5 Bxd5 28. Rd1 Be6 29. Kg2 h5 30. Kh3 Kh7 31. Kg2 Rg8 32. h4 Kg6 33. Kf3 Ba5 34. Be5 f6 35. Bd4 Rd8 36. Rb1 Bxc3 37. Bxa7 Rd3+ 38. Kf2 Be5 39. Rg1 Ra3 40. Ke2 c3 41. Kd3 Ra2 42. Bd4 Rd2+ 43. Kxc3 Bxd4+ 0-1

[Event "RUS-ch U18"]
[Site "Loo"]
[Date "2015.04.29"]
[Round "9"]
[White "Eliseev, Urii"]
[Black "Khatoev, Eduard"]
[Result "1-0"]
[WhiteElo "2514"]
[BlackElo "2427"]
[PlyCount "47"]
[EventDate "2015.04.21"]
[EventType "tourn"]
[EventRounds "9"]
[EventCountry "RUS"]
[EventCategory "10"]
[SourceTitle "CBM 166 Extra"]
[Source "ChessBase"]
[SourceDate "2015.06.18"]
[SourceVersion "1"]
[SourceVersionDate "2015.06.18"]
[SourceQuality "1"]

1. e4 e5 2. Nf3 Nf6 3. d4 Nxe4 4. dxe5 d5 5. Bd3 Be7 6. 0-0 Nc5 7. Be2 0-0 8. Be3 c6 9. c4 dxc4 10. Bxc4 Nbd7 11. Qc1 Ne6 12. Rd1 Qc7 13. Bxe6 fxe6 14. Bg5 Nb6 15. Nc3 Bxg5 16. Qxg5 Nd5 17. Ne4 Rf5 18. Qg3 Bd7 19. Nd6 Rff8 20. Rd4 Be8 21. Ng5 Qe7 22. Nxh7 Kxh7 23. Rh4+ Kg8 24. Qh3 1-0

[Event "RUS-ch U18"]
[Site "Loo"]
[Date "2015.04.25"]
[Round "5"]
[White "Khatoev, Eduard"]
[Black "Paravyan, David"]
[Result "1/2-1/2"]
[WhiteElo "2427"]
[BlackElo "2436"]
[PlyCount "109"]
[EventDate "2015.04.21"]
[EventType "tourn"]
[EventRounds "9"]
[EventCountry "RUS"]
[EventCategory "10"]
[SourceTitle "CBM 166 Extra"]
[Source "ChessBase"]
[SourceDate "2015.06.18"]
[SourceVersion "1"]
[SourceVersionDate "2015.06.18"]
[SourceQuality "1"]

1. d4 Nf6 2. Nf3 g6 3. Nbd2 d5 4. e3 c5 5. dxc5 Bg7 6. c3 0-0 7. b4 e5 8. Be2 Qe7 9. Bb2 Nc6 10. 0-0 Bf5 11. b5 Nb8 12. c4 Nbd7 13. cxd5 Nxc5 14. Nb3 Rfd8 15. Nxc5 Rxd5 16. Qb3 Rxc5 17. Ba3 Nd7 18. Bxc5 Nxc5 19. Qb4 b6 20. Rac1 h5 21. Nd2 Qg5 22. Nf3 Qe7 23. h3 Bf6 24. Nd2 e4 25. Nb3 Be5 26. Nxc5 Bd6 27. Qd4 Bxc5 28. Qc3 Qg5 29. Qe5 Bxe3 30. fxe3 Qxe3+ 31. Kh2 Qxe2 32. Rxf5 gxf5 33. Rc6 Qe3 34. Qxf5 Qd4 35. Rh6 Re8 36. Rxh5 Re6 37. Qh7+ Kf8 38. Rf5 Qd6+ 39. Kh1 Qd1+ 40. Kh2 Qd6+ 41. g3 f6 42. Qh8+ Ke7 43. Qg7+ Ke8 44. Qg8+ Kd7 45. Qa8 Re5 46. Rxe5 Qd2+ 47. Kg1 Qd1+ 48. Kh2 Qe2+ 49. Kg1 Qe3+ 50. Kh2 Qd2+ 51. Kg1 Qd1+ 52. Kh2 Qc2+ 53. Kg1 Qc1+ 54. Kf2 Qc2+ 55. Kg1 1/2-1/2

[Event "RUS-ch U18"]
[Site "Loo"]
[Date "2015.04.21"]
[Round "1"]
[White "Khatoev, Eduard"]
[Black "Chigaev, Maksim"]
[Result "1/2-1/2"]
[WhiteElo "2427"]
[BlackElo "2497"]
[PlyCount "194"]
[EventDate "2015.04.21"]
[EventType "tourn"]
[EventRounds "9"]
[EventCountry "RUS"]
[EventCategory "10"]
[SourceTitle "CBM 166 Extra"]
[Source "ChessBase"]
[SourceDate "2015.06.18"]
[SourceVersion "1"]
[SourceVersionDate "2015.06.18"]
[SourceQuality "1"]

1. Nf3 g6 2. c4 Bg7 3. d4 Nf6 4. Nc3 d5 5. cxd5 Nxd5 6. e4 Nxc3 7. bxc3 c5 8. Be3 0-0 9. Be2 b6 10. Rc1 e6 11. d5 exd5 12. exd5 Bg4 13. 0-0 Nd7 14. Qa4 Nf6 15. Rfd1 Bd7 16. Bb5 Bxb5 17. Qxb5 Re8 18. Bg5 Qd7 19. Qxd7 Nxd7 20. c4 h6 21. Bd2 Re4 22. Re1 Rae8 23. Rxe4 Rxe4 24. Be3 g5 25. Nd2 Re8 26. g4 Kh7 27. Kg2 Kg6 28. h4 gxh4 29. Nf3 Bf6 30. Rh1 Ne5 31. Nxe5+ Rxe5 32. Kf3 h5 33. Rg1 hxg4+ 34. Rxg4+ Kh7 35. Rf4 Kg7 36. Rg4+ Kf8 37. Bf4 Rh5 38. Kg2 Ke7 39. Rg8 Rh8 40. Rxh8 Bxh8 41. a4 Bf6 42. Kh3 Kd7 43. Kg4 Bd8 44. Be5 a6 45. Bf4 Bf6 46. Bc1 Be7 47. Be3 Kc7 48. Bf4+ Kd7 49. Be5 Bd8 50. Bf4 Kc8 51. Kf5 Kb7 52. Be5 b5 53. axb5 axb5 54. cxb5 Kb6 55. Bf6 h3 56. Be5 Kxb5 57. Kg4 Kc4 58. d6 Kd5 59. Bf4 c4 60. Kxh3 Ke6 61. Kg4 Bb6 62. Kf3 Bc5 63. Ke2 Bxd6 64. Be3 Be5 65. f3 Kd5 66. Kd2 Bd4 67. Bf4 Ke6 68. Ke2 Kf5 69. Bh6 Be5 70. Be3 Kg6 71. Bf2 Bf4 72. Bd4 Kf5 73. Bf2 Be5 74. Be3 Bd6 75. Bg1 Be5 76. Be3 f6 77. Bh6 Bf4 78. Bf8 Ke5 79. Be7 Bg5 80. Bd8 Kd4 81. f4 Bh4 82. Kd2 Ke4 83. Kc3 Be1+ 84. Kxc4 f5 85. Be7 Bd2 86. Bf8 Bxf4 87. Kc3 Bg3 88. Kd2 Kf3 89. Bg7 Bh4 90. Be5 Kf2 91. Bd4+ Kg2 92. Be3 Kf3 93. Bh6 Bf2 94. Bg5 Bg3 95. Be7 Bf2 96. Bg5 f4 97. Bxf4 Kxf4 1/2-1/2

[Event "Kecskemet Caissa IM 07"]
[Site "Kecskemet"]
[Date "2014.07.25"]
[Round "9"]
[White "Khatoev, Eduard"]
[Black "Estrada Nieto, Julian"]
[Result "1-0"]
[WhiteElo "2409"]
[BlackElo "2282"]
[PlyCount "129"]
[EventDate "2014.07.19"]
[EventType "tourn"]
[EventRounds "14"]
[EventCountry "HUN"]
[EventCategory "2"]
[SourceTitle "CBM 161 Extra"]
[Source "ChessBase"]
[SourceDate "2014.08.29"]
[SourceVersion "1"]
[SourceVersionDate "2014.08.29"]
[SourceQuality "1"]

1. d4 d5 2. Nf3 Nf6 3. c4 dxc4 4. e3 e6 5. Bxc4 c5 6. Qe2 a6 7. dxc5 Bxc5 8. 0-0 Nc6 9. a3 0-0 10. b4 Ba7 11. Bb2 Qe7 12. Nc3 Rd8 13. Rac1 h6 14. e4 b5 15. Ba2 Bb7 16. e5 Nd5 17. Nxd5 exd5 18. Rfd1 Qe6 19. Qd3 Ne7 20. Re1 Ng6 21. Nd4 Bxd4 22. Qxd4 Rac8 23. h3 Nf8 24. f4 Rxc1 25. Rxc1 Rc8 26. Rf1 Nd7 27. Rf2 Qf5 28. g4 Qe4 29. Qxe4 dxe4 30. e6 Nf6 31. exf7+ Kf8 32. Bxf6 gxf6 33. Re2 Rc1+ 34. Kh2 e3 35. Kg3 Rc3 36. h4 Be4 37. f5 Rxa3 38. Be6 a5 39. Kf4 Bb1 40. bxa5 Rxa5 41. Rxe3 Ra4+ 42. Kg3 b4 43. Bb3 Ra8 44. h5 Rd8 45. Kf2 Rd2+ 46. Ke1 Rd8 47. Ke2 Rc8 48. Re6 Rd8 49. Rxf6 Bd3+ 50. Ke1 Rd4 51. Rxh6 Bc4 52. Bxc4 Rxc4 53. g5 Kxf7 54. Rf6+ Ke7 55. Re6+ Kd7 56. h6 Rh4 57. g6 b3 58. g7 b2 59. Rb6 Rxh6 60. Rxb2 Rh1+ 61. Kf2 Rh2+ 62. Kf3 Rxb2 63. g8Q Rb6 64. Qg7+ Kd8 65. Qd4+ 1-0

[Event "Kecskemet Caissa GM 08"]
[Site "Kecskemet"]
[Date "2013.08.24"]
[Round "12"]
[White "Groszpeter, Attila"]
[Black "Khatoev, Eduard"]
[Result "1-0"]
[WhiteElo "2469"]
[BlackElo "2370"]
[PlyCount "81"]
[EventDate "2013.08.17"]
[EventType "tourn"]
[EventRounds "14"]
[EventCountry "HUN"]
[EventCategory "6"]
[SourceTitle "CBM 156 Extra"]
[Source "ChessBase"]
[SourceDate "2013.10.22"]
[SourceVersion "1"]
[SourceVersionDate "2013.10.22"]
[SourceQuality "1"]

1. e4 e5 2. Nf3 Nf6 3. Nxe5 d6 4. Nf3 Nxe4 5. Qe2 Qe7 6. d3 Nf6 7. Nc3 c6 8. Bg5 Nbd7 9. Ne4 d5 10. Bxf6 Nxf6 11. Nxf6+ gxf6 12. 0-0-0 Bh6+ 13. Kb1 Bg4 14. Re1 Qxe2 15. Bxe2 Bxf3 16. Bxf3+ Kf8 17. c4 dxc4 18. dxc4 Re8 19. Rxe8+ Kxe8 20. Re1+ Kf8 21. c5 f5 22. Re5 f6 23. Rxf5 Kg7 24. b4 a6 25. a4 Re8 26. Kc2 Kg6 27. g4 Bf8 28. h4 a5 29. b5 Re5 30. Rxe5 fxe5 31. Bxc6 Bxc5 32. Bxb7 Bxf2 33. Kd3 Kf6 34. Ke4 Ke6 35. Bc8+ Kd6 36. g5 Bxh4 37. Kf5 e4 38. Bb7 e3 39. Bf3 Kc5 40. Kg4 Bf2 41. Be2 1-0

[Event "Kecskemet Caissa GM 08"]
[Site "Kecskemet"]
[Date "2013.08.23"]
[Round "10"]
[White "Khatoev, Eduard"]
[Black "Jia, Haoxiang"]
[Result "1-0"]
[WhiteElo "2370"]
[BlackElo "2363"]
[PlyCount "83"]
[EventDate "2013.08.17"]
[EventType "tourn"]
[EventRounds "14"]
[EventCountry "HUN"]
[EventCategory "6"]
[SourceTitle "CBM 156 Extra"]
[Source "ChessBase"]
[SourceDate "2013.10.22"]
[SourceVersion "1"]
[SourceVersionDate "2013.10.22"]
[SourceQuality "1"]

1. Nf3 Nf6 2. c4 c6 3. Nc3 d5 4. e3 g6 5. Be2 Bg7 6. 0-0 0-0 7. d4 e6 8. b3 b6 9. Bb2 Bb7 10. Qc2 Re8 11. Rfd1 Nbd7 12. Rac1 Rc8 13. cxd5 cxd5 14. b4 a6 15. Qb3 Bf8 16. a4 Bd6 17. Na2 Rxc1 18. Nxc1 Qe7 19. Nd3 Rc8 20. Ra1 Ne4 21. a5 b5 22. Nc5 Nb8 23. Rd1 Bc6 24. g3 f6 25. Nd2 Nxc5 26. dxc5 Be5 27. Bxe5 fxe5 28. f4 exf4 29. exf4 e5 30. Bg4 Re8 31. Re1 Qg7 32. Nf3 h5 33. Bh3 exf4 34. Rxe8+ Bxe8 35. Qxd5+ Kh7 36. Qe5 Bc6 37. Ng5+ Kh6 38. Qxf4 Qe7 39. Ne6+ g5 40. Qxb8 g4 41. Qh8+ Kg6 42. Nf4+ 1-0

[Event "Kecskemet Caissa GM 08"]
[Site "Kecskemet"]
[Date "2013.08.17"]
[Round "1"]
[White "Antal, Tibor Kende"]
[Black "Khatoev, Eduard"]
[Result "0-1"]
[WhiteElo "2358"]
[BlackElo "2370"]
[PlyCount "104"]
[EventDate "2013.08.17"]
[EventType "tourn"]
[EventRounds "14"]
[EventCountry "HUN"]
[EventCategory "6"]
[SourceTitle "CBM 156 Extra"]
[Source "ChessBase"]
[SourceDate "2013.10.22"]
[SourceVersion "1"]
[SourceVersionDate "2013.10.22"]
[SourceQuality "1"]

1. e4 e5 2. Nf3 Nf6 3. Nxe5 d6 4. Nf3 Nxe4 5. Nc3 Nxc3 6. dxc3 Be7 7. Be3 0-0 8. Qd2 Nd7 9. 0-0-0 Re8 10. h4 c6 11. Bd3 Qa5 12. Kb1 Ne5 13. Rde1 Be6 14. b3 Nxd3 15. cxd3 c5 16. Bg5 Bf8 17. h5 h6 18. Bf4 Qb5 19. Rhg1 Bg4 20. Rh1 a5 21. Rh4 Bxf3 22. Rxe8 Rxe8 23. gxf3 a4 24. b4 cxb4 25. cxb4 Be7 26. Rh1 Bf6 27. Rg1 Kh7 28. Be3 Rc8 29. d4 Qxh5 30. Qd3+ Kh8 31. f4 Qd5 32. a3 b5 33. f5 Qc4 34. Rd1 d5 35. Bc1 Qxd3+ 36. Rxd3 Rc4 37. Bb2 h5 38. Rh3 h4 39. Bc3 Kh7 40. Kc2 Kh6 41. Kd3 Kg5 42. f3 Kxf5 43. Rh1 g5 44. Rg1 Rc8 45. Bd2 h3 46. Be3 Be7 47. Rh1 Rh8 48. Ke2 Bd6 49. Kf2 h2 50. Kg2 g4 51. fxg4+ Kxg4 52. Rf1 h1Q+ 0-1

[Event "RUS-chT U20"]
[Site "Kaliningrad"]
[Date "2013.08.08"]
[Round "7"]
[White "Khatoev, Eduard"]
[Black "Tarasov, Alexandr"]
[Result "1/2-1/2"]
[WhiteElo "2370"]
[BlackElo "2179"]
[PlyCount "81"]
[EventDate "2013.08.02"]
[EventType "team-swiss"]
[EventRounds "9"]
[EventCountry "RUS"]
[SourceTitle "EXT 2018"]
[Source "ChessBase"]
[SourceDate "2017.10.13"]
[SourceVersion "1"]
[SourceVersionDate "2017.10.13"]
[SourceQuality "1"]

1. Nf3 e6 2. c4 c5 3. g3 Nc6 4. Bg2 g6 5. d4 cxd4 6. Nxd4 Nxd4 7. Qxd4 Nf6 8. Nc3 Bg7 9. 0-0 0-0 10. Qd3 Ng4 11. Nb5 Ne5 12. Qc2 d5 13. cxd5 exd5 14. Rd1 Be6 15. Nd4 Qb6 16. Qb3 Rac8 17. Qxb6 axb6 18. e4 Bg4 19. f3 Nxf3+ 20. Bxf3 Bxd4+ 21. Rxd4 Bxf3 22. exd5 Rc2 23. d6 Bc6 24. Rd2 Rxd2 25. Bxd2 f6 26. Bc3 Kf7 27. Rd1 Re8 28. Kf2 Rd8 29. Rd4 Ke6 30. Bb4 h5 31. Rd3 Kf7 32. h4 Rd7 33. Re3 Bd5 34. a3 Bc6 35. Ke2 g5 36. Kd3 Kg6 37. Re1 Kf5 38. Re7 gxh4 39. gxh4 Kg4 40. Rxd7 Bxd7 41. Be1 1/2-1/2

[Event "RUS-chT U20"]
[Site "Kaliningrad"]
[Date "2013.08.07"]
[Round "6"]
[White "Eliseev, Urii"]
[Black "Khatoev, Eduard"]
[Result "1/2-1/2"]
[WhiteElo "2556"]
[BlackElo "2370"]
[PlyCount "175"]
[EventDate "2013.08.02"]
[EventType "team-swiss"]
[EventRounds "9"]
[EventCountry "RUS"]
[SourceTitle "EXT 2018"]
[Source "ChessBase"]
[SourceDate "2017.10.13"]
[SourceVersion "1"]
[SourceVersionDate "2017.10.13"]
[SourceQuality "1"]

1. e4 e5 2. Nf3 Nf6 3. Nxe5 d6 4. Nf3 Nxe4 5. Nc3 Nxc3 6. dxc3 Be7 7. Be3 0-0 8. Qd2 Nd7 9. 0-0-0 Re8 10. Kb1 c6 11. c4 Nf6 12. h3 Ne4 13. Qc1 Bf6 14. g4 g6 15. Bd3 d5 16. cxd5 Qxd5 17. Be2 Qa5 18. Nd4 Be6 19. c4 Rad8 20. Qc2 Bc8 21. Nb3 Rxd1+ 22. Rxd1 Qe5 23. Bd3 Ng5 24. Rh1 Ne6 25. Bxa7 c5 26. Bb6 Nf4 27. Rd1 h5 28. f3 Nxd3 29. Rxd3 Qe1+ 30. Rd1 Qg3 31. a4 Qxf3 32. Rd6 hxg4 33. hxg4 Bxg4 34. Ka2 Re2 35. Nd2 Qf4 36. Bxc5 Be6 37. Bb4 Be7 38. Rxe6 Rxe6 39. Bc3 Bf6 40. Bb4 g5 41. Nb3 g4 42. Nc5 Rb6 43. Ba3 g3 44. Qe2 Kg7 45. a5 Rc6 46. Ne4 Re6 47. Nxf6 Kxf6 48. Qc2 Qf2 49. Qc3+ Kg6 50. Qd3+ Kg7 51. Bb4 g2 52. Bc3+ Rf6 53. Bxf6+ Kxf6 54. Qd8+ Kf5 55. Qc8+ Kg6 56. Qg8+ Kh5 57. Qh7+ Kg5 58. Qg7+ Kh5 59. Qh7+ Kg4 60. Qg7+ Kh4 61. Qh7+ Kg3 62. Qg7+ Kh3 63. Qh6+ Qh4 64. Qe3+ Kh2 65. Qe5+ Kg1 66. Qd5 Kf2 67. Qxf7+ Kg3 68. Qg7+ Kf2 69. Qf7+ Kg3 70. Qg7+ Qg4 71. Qc3+ Qf3 72. Qe1+ Kf4 73. Qd2+ Kg4 74. Qe1 Kh3 75. Qe6+ Kg3 76. Qe1+ Kh2 77. Qh4+ Kg1 78. Qe1+ Qf1 79. Qe4 Kf2 80. Qf4+ Ke2 81. Qe4+ Kd2 82. Qd4+ Ke1 83. Qe3+ Kd1 84. Qd4+ Ke2 85. Qe4+ Kf2 86. Qf4+ Kg1 87. Qe4 Kf2 88. Qf4+ 1/2-1/2

[Event "RUS-chT U20"]
[Site "Kaliningrad"]
[Date "2013.08.04"]
[Round "3"]
[White "Yuffa, Daniil"]
[Black "Khatoev, Eduard"]
[Result "1/2-1/2"]
[WhiteElo "2379"]
[BlackElo "2370"]
[PlyCount "40"]
[EventDate "2013.08.02"]
[EventType "team-swiss"]
[EventRounds "9"]
[EventCountry "RUS"]
[SourceTitle "EXT 2018"]
[Source "ChessBase"]
[SourceDate "2017.10.13"]
[SourceVersion "1"]
[SourceVersionDate "2017.10.13"]
[SourceQuality "1"]

1. d4 Nf6 2. c4 c5 3. d5 e6 4. Nc3 exd5 5. cxd5 d6 6. Nf3 g6 7. g3 Bg7 8. Bg2 0-0 9. 0-0 Re8 10. Bf4 Nh5 11. Bg5 Qd7 12. a3 Na6 13. Qd2 b6 14. h3 Nb4 15. Rad1 f5 16. Bh6 Nf6 17. Bf4 Nh5 18. Bh6 Nf6 19. Bf4 Nh5 20. Bh6 Nf6 1/2-1/2

[Event "RUS-chT U20"]
[Site "Kaliningrad"]
[Date "2013.08.02"]
[Round "1"]
[White "Dilmukhametov, Artur"]
[Black "Khatoev, Eduard"]
[Result "0-1"]
[WhiteElo "2122"]
[BlackElo "2370"]
[PlyCount "96"]
[EventDate "2013.08.02"]
[EventType "team-swiss"]
[EventRounds "9"]
[EventCountry "RUS"]
[SourceTitle "EXT 2018"]
[Source "ChessBase"]
[SourceDate "2017.10.13"]
[SourceVersion "1"]
[SourceVersionDate "2017.10.13"]
[SourceQuality "1"]

1. e4 c5 2. Nf3 d6 3. Bb5+ Nd7 4. 0-0 Ngf6 5. Re1 a6 6. Bf1 b6 7. d4 cxd4 8. Nxd4 Bb7 9. Nc3 e6 10. g3 Be7 11. Bg2 Qc7 12. f4 0-0 13. Be3 b5 14. Bf2 Nb6 15. Qe2 b4 16. Nd1 Rfe8 17. c3 d5 18. e5 Ne4 19. Rc1 Rac8 20. Be3 Qd7 21. Nf2 bxc3 22. Nxe4 dxe4 23. bxc3 Na4 24. c4 Nc5 25. Red1 Nd3 26. Rb1 Ba8 27. Nb3 Rxc4 28. Nd2 Rc2 29. Qf1 Qa4 30. Bxe4 Bxe4 31. Nxe4 Qxe4 32. Rxd3 Rxa2 33. Rdb3 h5 34. Bf2 Rc8 35. Rb8 Rxb8 36. Rxb8+ Kh7 37. Qd1 g6 38. Rc8 Qb7 39. Qc1 Qf3 40. Qe1 Bb4 41. Qf1 Bc3 42. Rb8 Qe4 43. Rd8 Qc2 44. Rd1 a5 45. Rc1 Qd2 46. Rd1 Qc2 47. Rc1 Qb2 48. Rb1 Qxb1 0-1

[Event "Samara Polugaevsky Memorial 3rd"]
[Site "Samara"]
[Date "2013.07.09"]
[Round "8"]
[White "Fedoseev, Vladimir1111"]
[Black "Khatoev, Eduard"]
[Result "1/2-1/2"]
[WhiteElo "2515"]
[BlackElo "2338"]
[PlyCount "113"]
[EventDate "2013.07.02"]
[EventType "swiss"]
[EventRounds "9"]
[EventCountry "RUS"]
[SourceTitle "CBM 155 Extra"]
[Source "ChessBase"]
[SourceDate "2013.08.26"]
[SourceVersion "1"]
[SourceVersionDate "2013.08.26"]
[SourceQuality "1"]

1. Nf3 Nf6 2. c4 g6 3. b3 Bg7 4. Bb2 0-0 5. g3 c6 6. Bg2 d5 7. 0-0 Bg4 8. d3 Nbd7 9. Nbd2 Re8 10. h3 Bxf3 11. Nxf3 e5 12. Ne1 Qe7 13. Nc2 d4 14. b4 Nf8 15. Qe1 Qc7 16. e3 dxe3 17. Qxe3 a5 18. a3 N6d7 19. h4 h5 20. Bc3 axb4 21. axb4 Ne6 22. Bh3 Qd6 23. Rfe1 Kf8 24. Qe4 Rxa1 25. Bxa1 Nf6 26. Qe2 Nd4 27. Nxd4 exd4 28. Qd2 Rxe1+ 29. Qxe1 Nd7 30. Bf1 Qe7 31. Qd2 Be5 32. Bb2 Kg8 33. Ba3 Qd6 34. Qe1 Kg7 35. Bh3 Bf6 36. Qe4 Ne5 37. Kf1 b6 38. Ke2 Qe7 39. Bg2 Qa7 40. Bc1 Qa2+ 41. Bd2 c5 42. b5 Qc2 43. f3 Qb1 44. Bf1 Qc2 45. Ke1 Qb1+ 46. Kf2 Qc2 47. Qe2 Kg8 48. Kg2 Bg7 49. Bg5 Qxe2+ 50. Bxe2 f6 51. Bf4 f5 52. Kh3 Kf8 53. Bg5 Nf7 54. f4 Bh6 55. Bf6 Bg7 56. Bg5 Bh6 57. Bf6 1/2-1/2

[Event "St Petersburg Botvinnik Memorial op"]
[Site "St Petersburg"]
[Date "2012.08.28"]
[Round "4"]
[White "Khatoev, Eduard"]
[Black "Grigoryan, Avetik"]
[Result "0-1"]
[WhiteElo "2322"]
[BlackElo "2579"]
[PlyCount "56"]
[EventDate "2012.08.25"]
[EventType "swiss"]
[EventRounds "9"]
[EventCountry "RUS"]
[SourceTitle "CBM 150 Extra"]
[Source "ChessBase"]
[SourceDate "2012.10.19"]
[SourceVersion "1"]
[SourceVersionDate "2012.10.19"]
[SourceQuality "1"]

1. d4 d5 2. Nf3 c6 3. c4 e6 4. Nc3 Nf6 5. Bg5 h6 6. Bxf6 Qxf6 7. e3 Nd7 8. Bd3 dxc4 9. Bxc4 g6 10. 0-0 Qe7 11. e4 Bg7 12. e5 0-0 13. Qe2 Rd8 14. Rfe1 b5 15. Bd3 Rb8 16. Rac1 c5 17. Nxb5 Bb7 18. Nxa7 Ra8 19. Nb5 cxd4 20. Nfxd4 Nxe5 21. Be4 Bxe4 22. Qxe4 Rxa2 23. f4 Ng4 24. h3 Bxd4+ 25. Nxd4 Qa7 26. Red1 Ra4 27. b4 Rxb4 28. Ra1 Rbxd4 0-1

[Event "St Petersburg Botvinnik Memorial op"]
[Site "St Petersburg"]
[Date "2012.08.27"]
[Round "3"]
[White "Khatoev, Eduard"]
[Black "Larin, Maxim"]
[Result "1-0"]
[WhiteElo "2322"]
[BlackElo "2131"]
[PlyCount "61"]
[EventDate "2012.08.25"]
[EventType "swiss"]
[EventRounds "9"]
[EventCountry "RUS"]
[SourceTitle "CBM 150 Extra"]
[Source "ChessBase"]
[SourceDate "2012.10.19"]
[SourceVersion "1"]
[SourceVersionDate "2012.10.19"]
[SourceQuality "1"]

1. Nf3 g6 2. c4 Bg7 3. d4 Nf6 4. Nc3 c5 5. e4 0-0 6. Be2 d6 7. 0-0 Nc6 8. d5 Na5 9. Bf4 Bg4 10. Nd2 Bxe2 11. Qxe2 e6 12. h3 Nh5 13. Be3 exd5 14. cxd5 Qf6 15. Qb5 Qd8 16. Rac1 a6 17. Qe2 Qf6 18. a3 b5 19. b4 cxb4 20. axb4 Rac8 21. Nxb5 axb5 22. bxa5 Nf4 23. Qf3 Nd3 24. Qxf6 Bxf6 25. Rxc8 Rxc8 26. Rb1 Bb2 27. a6 b4 28. a7 Bc1 29. Rb3 Ne5 30. Rxb4 Nd7 31. Rb7 1-0

[Event "Kostroma Volga Cup op"]
[Site "Kostroma"]
[Date "2011.07.05"]
[Round "2"]
[White "Khatoev, Eduard"]
[Black "Derbenev, Andrey"]
[Result "1/2-1/2"]
[WhiteElo "2277"]
[BlackElo "2331"]
[PlyCount "96"]
[EventDate "2011.07.04"]
[EventType "swiss"]
[EventRounds "10"]
[EventCountry "RUS"]
[SourceTitle "EXT 2012"]
[Source "ChessBase"]
[SourceDate "2011.11.24"]
[SourceVersion "1"]
[SourceVersionDate "2011.11.24"]
[SourceQuality "1"]

1. d4 Nc6 2. Nf3 d6 3. e4 Nf6 4. Nc3 Bg4 5. Be2 e6 6. 0-0 d5 7. exd5 Nxd5 8. Nxd5 exd5 9. h3 Bh5 10. Re1 Be7 11. Ne5 Bxe2 12. Qxe2 Nxe5 13. Qxe5 f6 14. Qh5+ g6 15. Qe2 Qd7 16. c4 c6 17. cxd5 cxd5 18. Bh6 Kf7 19. Qf3 Qf5 20. Qb3 Qd7 21. Re2 Rae8 22. Rc1 b6 23. Rec2 Bd8 24. Bf4 Re7 25. Rc6 Qf5 26. Bg3 Rhe8 27. Rd6 Rd7 28. Qa4 Ree7 29. Rxd7 Qxd7 30. Rc6 h5 31. h4 Qf5 32. Kh2 g5 33. hxg5 Qxg5 34. Rc8 h4 35. Bd6 h3 36. gxh3 Qf5 37. Qc2 Qxc2 38. Rxc2 Re6 39. Bb8 a5 40. Kg2 Re4 41. Rd2 a4 42. f3 Re1 43. h4 Kg6 44. b3 axb3 45. axb3 Re3 46. b4 Be7 47. b5 Bb4 48. Rc2 Bc3 1/2-1/2

[Event "Kostroma Volga Cup op"]
[Site "Kostroma"]
[Date "2011.07.04"]
[Round "1"]
[White "Khatoev, Eduard"]
[Black "Lomako, Pavel"]
[Result "1-0"]
[WhiteElo "2277"]
[BlackElo "2419"]
[PlyCount "139"]
[EventDate "2011.07.04"]
[EventType "swiss"]
[EventRounds "10"]
[EventCountry "RUS"]
[SourceTitle "EXT 2012"]
[Source "ChessBase"]
[SourceDate "2011.11.24"]
[SourceVersion "1"]
[SourceVersionDate "2011.11.24"]
[SourceQuality "1"]

1. d4 Nf6 2. Nf3 e6 3. e3 c5 4. Bd3 Nc6 5. 0-0 d5 6. c3 Bd6 7. Nbd2 0-0 8. dxc5 Bxc5 9. Qe2 Qc7 10. e4 h6 11. Bc2 Bb6 12. Kh1 Bd7 13. h3 dxe4 14. Nxe4 Nxe4 15. Qxe4 f5 16. Qc4 Kh7 17. Qh4 Rae8 18. Rd1 Bc8 19. Re1 e5 20. Bb3 Qe7 21. Ng5+ Kh8 22. Qh5 Qf6 23. f4 e4 24. Be3 Bxe3 25. Rxe3 Ne5 26. Rg3 Nd3 27. Nf7+ Rxf7 28. Qxf7 Qxf7 29. Bxf7 Rf8 30. Bb3 Nxf4 31. Rf1 Nd3 32. Bc2 Nxb2 33. Bxe4 Nc4 34. Bd5 Nb6 35. Bb3 Bd7 36. Re1 f4 37. Rd3 Bf5 38. Rd4 f3 39. gxf3 Bxh3 40. f4 Bd7 41. Kh2 Bc6 42. Re7 Nc8 43. Re5 Nb6 44. Re6 a5 45. a4 g5 46. Rxh6+ Kg7 47. Rdd6 Rxf4 48. Rdg6+ Kf8 49. Rh8+ Ke7 50. Rh7+ Kd8 51. Rg8+ Be8 52. Rhh8 Rh4+ 53. Rxh4 gxh4 54. Bf7 Nxa4 55. Rxe8+ Kd7 56. c4 Nc5 57. Ra8 b6 58. Kh3 Ne4 59. Kxh4 Kd6 60. Kg4 Kc5 61. Rc8+ Kb4 62. Rc6 a4 63. Rxb6+ Kc3 64. Ra6 Kb4 65. Kf4 Nc5 66. Ra7 a3 67. Ke5 Na4 68. Rxa4+ Kxa4 69. c5 Kb5 70. Kd6 1-0

[Event "Sibiria Region-ch"]
[Site "Barnaul"]
[Date "2011.05.28"]
[Round "9"]
[White "Khatoev, Eduard"]
[Black "Kuprin, Vladimir"]
[Result "1-0"]
[WhiteElo "2283"]
[BlackElo "2154"]
[PlyCount "65"]
[EventDate "2011.05.20"]
[EventType "swiss"]
[EventRounds "9"]
[EventCountry "RUS"]
[SourceTitle "EXT 2012"]
[Source "ChessBase"]
[SourceDate "2011.11.24"]
[SourceVersion "1"]
[SourceVersionDate "2011.11.24"]
[SourceQuality "1"]

1. d4 d5 2. Nf3 Nf6 3. c4 c6 4. Nc3 e6 5. Bg5 h6 6. Bxf6 Qxf6 7. e3 Nd7 8. Bd3 dxc4 9. Bxc4 g6 10. 0-0 Bg7 11. e4 0-0 12. e5 Qe7 13. Qe2 Rd8 14. Rfe1 b6 15. Bd3 Bb7 16. Be4 Rab8 17. Rac1 Nf8 18. Qe3 Rbc8 19. Red1 c5 20. Bxb7 Qxb7 21. dxc5 Rxd1+ 22. Nxd1 bxc5 23. Nd2 Nd7 24. Nc4 Bf8 25. Nc3 Nb6 26. Nd6 Bxd6 27. exd6 Nd5 28. Qd2 h5 29. Ne4 c4 30. h3 f5 31. Ng5 Qd7 32. Re1 Re8 33. Rxe6 1-0